Score 0/25 Timer 07:00
5 Plays Today
% Correct
Green Lantern
98%
Green Goblin
91.1%
Green Arrow
88.8%
Silver Surfer
86.4%
Red Skull
84.5%
Black Panther
81.4%
Black Widow
80.9%
Scarlet Witch
67%
Red Arrow
66.3%
Blue Beetle
51.3%
Red Tornado
46.7%
Black Canary
44.6%
White Queen
42.8%
% Correct
Black Adam
38.6%
Black Bolt
38.3%
Yellow Jacket
36.6%
Booster Gold
36.6%
Silver Samurai
35%
Black Lightning
32%
Scarlet Spider
28.3%
Omega Red
24.6%
Agent Orange
22.2%
Blue Devil
22.1%
Silver Sable
19%
Crimson Avenger
4.5%
Remove Ads.
Support Sporcle.
Get the best of Sporcle when you Go Orange. This ad-free experience offers more features, more stats, and more fun while also helping to support Sporcle. Thank you for becoming a member.

You're not logged in!

Compare scores with friends on all Sporcle quizzes.
OR
Log In

Sporcle TV

Today on Sporcle TV


Watch our educational content, quiz creation guides, and fun videos on Sporcle TV.

Show Comments

Extras

Top Quizzes Today


Score Distribution

Paid Content

Your Account Isn't Verified!

In order to create a playlist on Sporcle, you need to verify the email address you used during registration. Go to your Sporcle Settings to finish the process.

Report this User

Report this user for behavior that violates our Community Guidelines.

Details: